000 00585nam a2200217 4500
003 OTs
005 20260601171021.0
008 260520b1993\\\\|||ao|||\||||\00|\0\spa\d
040 _aICI
_bspa
_cICI
_erda
050 _aNA6690
_bM87 1993
245 _aMuseos de vanguardia
264 _aEspaña
_bA&V
_c1993
336 _2rdacontent
_atexto
337 _2rdamedia
_asin medio
338 _2rdacarrier
_avolumen
650 _aMuseos
_xArquitectura
_934666
650 _aArquitectura moderna
_ySiglo XX
650 _aDiseño arquitectónico
650 _aMuseografía
942 _2lcc
_n1
_cB
999 _c20890
_d20890